00462nam a2200157Ia 4500003000400000005001700004008004100021040000900062082001900071100002400090245007300114250001200187260005300199300000900252650004300261OSt20201006095139.0190216s9999||||xx |||||||||||||| ||und|| coclc a005.133bGOT/T aGottfried, Byron S  0aTheory And Problems Of Programming With Pascal /cByron S Gottfried a2nd Ed. bTata Mcgraw -hill Publishing,c1995.aNew Delhi: a428p a"Computer Programming. Programs, Data"